Taylor Swift - guess the song with no hints ⭒5 - Statistics

General Stats
  • This quiz has been taken 3,558 times
  • The average score is 159 of 265
Answer Stats
Answer % Correct
I
100%
a
98%
you
97%
You
97%
the
95%
we
90%
We
90%
(we
90%
and
89%
And
89%
(And
89%
me
89%
is
86%
it
84%
love
84%
Love
84%
your
84%
in
83%
to
83%
Be
81%
my
79%
go
78%
You're
76%
of
74%
were
74%
are
73%
this
73%
This
73%
So
72%
(so
72%
I'm
68%
all
65%
like
63%
don't
61%
never
61%
(never)
61%
know
60%
But
59%
(But
59%
good
56%
I'll
55%
just
53%
Just
53%
with
53%
our
51%
time
49%
Saw
48%
Up
46%
Now
42%
game
41%
I've
41%
right
41%
same
40%
grace
39%
state
39%
play
37%
live
36%
loved
36%
or
36%
coming
35%
let
35%
room
35%
hands
34%
something
34%
These
34%
eyes
33%
fight
32%
touch
32%
blue
31%
come
31%
fall
31%
Unless
31%
alone
30%
alone,
30%
real
30%
ruthless
30%
lights
29%
through
29%
wrong
29%
wrong)
29%
walking
27%
broken
26%
hearts
26%
hearts)
26%
saint
26%
saint)
26%
worthwhile
26%
Achilles
25%
fast
25%
golden
25%
heel
25%
pain
25%
shades
25%
streets
25%
the pain)
25%
'til
25%
traffic
25%
wild
25%
wild)
25%
age
24%
Busy
24%
busy
24%
learn
24%
around
23%
fate
23%
hurts
23%
minds
23%
changing
22%
fire
22%
four
22%
lives
22%
twin
22%
bleeds,
21%
signs,
20%
clean
19%
fades
19%
Mosaic
19%
(Mosaic
19%
falls
18%
armor
17%
cannonball
17%
Pierce
17%
brave
16%
slates
16%
No matching quizzes found
Score Distribution
Percent of People with Each Score
Percentile by Number Answered
Your Score History
You have not taken this quiz